Pierre Garnier Parole Ce qui Me Va - Statistiques

Statistiques générales
  • Ce quiz a été pris 121 fois
  • Le résultat moyen est 181 sur 202
Statistiques - réponses
Réponse % Correct
a
98%
je
98%
la
98%
ma
98%
ce
95%
de
95%
me
95%
moi
95%
peu
95%
qui
95%
un
95%
vie
95%
avoir
93%
j'ai
93%
le
93%
que
93%
toujour
93%
tout
93%
voulu
93%
comme
91%
juste
91%
nous
91%
quand
91%
si
91%
soir
91%
toujours
91%
toute
91%
va
91%
vous
91%
doute
89%
et
89%
j'avais
89%
même
89%
sais
89%
voix
89%
attendu
86%
ça
86%
ne
86%
pas
86%
jamais
82%
m'ecoutez
82%
m'en
82%
cet
80%
endroit
80%
mais
80%
quitter
80%
m'attire
77%
plus
77%
pourquoi
77%
rêver
77%
sans
77%
dire
75%
suis
75%
dans
73%
essayer
73%
laisse
73%
qu'on
70%
reconnais
70%
savoir
70%
des
68%
miroir
68%
tant
68%
dèçus
66%
erreurs
66%
ferai
66%
j'en
66%
oser
66%
cherche
64%
d'etre
64%
voulez
64%
encore
61%
veut
59%
Aucun quiz correspondant
Distribution des résultats
% des personnes avec chaque résultat
Percentile par nombre de réponses
Votre historique - résultats
Vous n’avez pas pris ce quiz